Equipos de futbol europeos que tengan un triplete - Estadísticas

Estadísticas generales
  • Esta prueba ha sido intentada 462 veces
    167 desde el último reinicio
  • La puntuación promedio es 9 de 11
Estadísticas de respuestas
Temporada Equipo % Correcto
2008/09 FC Barcelona
100%
2014/15 FC Barcelona
100%
2012/13 Bayern Munich
94%
2019/20 Bayern Munich
94%
2022/23 Manchester City
94%
2024/25 Paris Saint-Germain
93%
2009/10 Inter de Milán
91%
1998/99 Manchester United
82%
1971/72 Ajax Amsterdam
74%
1966/67 Celtic Glasgow
52%
1987/88 PSV Eindhoven
48%
No se encontraron pruebas coincidentes
Distribución de puntuación
Porcentaje de gente con cada puntuación
Porcentaje por número respondido
Historial de tus puntuaciones
No has intentado esta prueba desde el último reinicio